000 00366nam a2200133Ia 4500
003 GCL
008 140319s9999 xx 000 0 ara d
040 _aGCL /
_cGCL
082 0 4 _a956.04
_bع ت
100 1 _aعودة بطرس عودة
245 1 0 _aثورة الوجود العربى /
_cعودة بطرس عودة
300 _a94 ص
490 _aكتب قومية
_v0
999 _c51174
_d51174